000 00390nam a22001457a 4500
005 20250507140916.0
008 250507b |||||||| |||| 00| 0 eng d
020 _a9814066435
082 _22nd ed.
_aKBJP-D-266
100 _aPeterson L. Dave B.
_9212017
245 _aComputer Networks
_bSystems Approach
260 _aSingapore
_bHarcourt publisher
_c2000
300 _a748
942 _cBK
999 _c366252
_d366252